| 000 | 00430nab a22001097u 4500 | ||
|---|---|---|---|
| 008 | 130520b2007 xxu||||| |||| 00| 0 spa d | ||
| 041 | _aspa | ||
| 100 | 1 |
_aOvermeyer, Heyko _959357 |
|
| 245 | 0 | 0 |
_aLa lucha por el "territorio canónico": ¿un conflicto territorial entre la Iglesia católica y la Iglesia ortodoxa rusa sin solución? _cHeyko Overmeyer |
| 773 | 0 |
_tConcilium _gnº320,2007,págs. 43-54 _x0210-1041 _wRev134 |
|
| 942 | _cAR | ||
| 999 |
_c380918 _d380918 |
||